| 000 | 00703nam a2200193 a 4500 | ||
|---|---|---|---|
| 001 | 000801550 | ||
| 003 | AM-YeHGA | ||
| 005 | 20250618075545.0 | ||
| 008 | 110406s1957 ru ac r 000 0 rus d | ||
| 040 | _aAM-YeHGA | ||
| 041 | 1 |
_arus _hger |
|
| 100 | 1 | _aДейч, Александр Иосифович | |
| 245 | 1 | 0 |
_aГарри из Дюссельдорфа : _bПовесть о Генрихе Гейне / _cАл. Дейч. |
| 260 |
_aМосква : _bДетская литература, _c1957. |
||
| 300 |
_a319 с., [1] л. портр. : _bил. |
||
| 600 | 1 | 4 |
_aՀայնե, Հայնրիխ, _d1797-1856 _94069 |
| 650 | 1 | 4 |
_aԳերմանական գրականություն _95149 |
| 090 | _c477214 | ||
| 999 |
_c473939 _d473939 |
||